000 01801nam a2200373 i 4500
001 195780
003 SpMaBN
005 20251010170458.0
008 240719s2010 sp a | |||| 000 0dspa
015 _aMON10
017 _aA 963-2010
_bOficina Depósito Legal Alicante
035 _a(OCoLC)776528791
035 _aa4986848
040 _aSpMaBN
_bspa
_cSpMaBN
_erdc
_dES-MaACL
080 _a75 Álvarez, Francisco (083.824)
080 _a76 Álvarez, Francisco (083.824)
100 1 _aÁlvarez, Francisco,
_d1936-2024
_9171346
_eaut
245 1 0 _aF. Álvarez /
_bFundación Cultural Miguel Hernández.
260 _a[Orihuela] :
_bFundación Cultural Miguel Hernández,
_cD.L. 2010.
300 _a[58] p. :
_bprincipalmente il. col., 1 retr. ;
_c26 cm.
490 0 _aBiblioteca hernandiana. Artes visuales
500 _aHomenaje a Miguel Hernández
500 _aCatálogo de la Exposición en la sala de exposiciones de Orihuela, del 12 noviembre al 19 diciembre de 2010.
600 1 7 _aÁlvarez, Francisco,
_d1936-2024-
_vExposiciones
_2
_9139343
655 7 _2tgfbne
_9193628
_aCatálogos de exposiciones
700 1 _aHernández, Miguel,
_d1910-1942
_962844
710 2 _aFundación Cultural Miguel Hernández
_94265
852 _aES-MaACL
_cDEPOJ
_jN-8787
_xEncuadernación rústica con solapas
_9204628
_hDonación: Editorial
914 _94265
_aFundación Cultural Miguel Hernández
_ednr
942 _cMONOGRAFIA
_n0
999 _c195780
_d195780